000 00509nam a2200181Ia 4500
005 20250326142439.0
008 250326s9999 xx 000 0 und d
037 _aTextbook
040 _aFMSL
_beng
_cFMSL
041 _aeng
_2eng
084 _qFMSL
100 _aIndia (govt. Of......)
245 0 _aHandbook of procedures vol 2 april 1997 march 2002
_cIndia (govt. Of......)
260 _aNew Delhi
_bNew Delhi, Govt. of India
_c1997
300 _a876p
942 _cTB
999 _c1295069
_d1295069